Normal view
MARC view
- Dara, Raju, Subhadra Perumalla, Rajesh saturi, Dasari Kiran Kumar
Entry Personal Name
001 - CONTROL NUMBER
- control field: 6454
003 - CONTROL NUMBER IDENTIFIER
- control field: JO-AjAnu
005 - DATE AND TIME OF LATEST TRANSACTION
- control field: 20230606071339.0
008 - FIXED-LENGTH DATA ELEMENTS
- fixed length control field: 230606|| aca||aabn | a|a d
040 ## - CATALOGING SOURCE
- Original cataloging agency: JO-AjAnu
- Transcribing agency: JO-AjAnu
100 ## - HEADING--PERSONAL NAME
- Personal name: Dara, Raju, Subhadra Perumalla, Rajesh saturi, Dasari Kiran Kumar
670 ## - SOURCE DATA FOUND
- Source citation: Work cat.: (JO-AjAnu)3344: Dara, Raju, Subhadra Perumalla, Rajesh saturi, Dasari Kiran Kumar , author, Digital Image Processing